000 00455nam a2200169 a 4500
001 2602
005 20140414131924.0
008 050607s19uu xx 00 eng d
020 _a0-7214-2585-2
050 _aER
_bSk9 1997
245 _aSky dancers : a feast to remember.
260 _bLadybird Books,
_aLeicestershire, UK :
_c1997.
300 _a26 p. : ill. ; cm.
650 _aAdventures
_xFiction.
650 _aChildren stories.
999 _c111891
_d111891